<?xml version="1.0" encoding="UTF-8"?>
<record
    xmlns:xsi="http://www.w3.org/2001/XMLSchema-instance"
    xsi:schemaLocation="http://www.loc.gov/MARC21/slim http://www.loc.gov/standards/marcxml/schema/MARC21slim.xsd"
    xmlns="http://www.loc.gov/MARC21/slim">

  <leader>00907nam a2200217Ia 4500</leader>
  <controlfield tag="001">IA_</controlfield>
  <controlfield tag="002">ACIDEZ DE 10 VARIEDADES DE NOPALITO (OPUNNTIA SPP.</controlfield>
  <controlfield tag="008">220117s DE     xx            000 0 und d</controlfield>
  <datafield tag="010" ind1=" " ind2=" ">
    <subfield code="a">184658</subfield>
  </datafield>
  <datafield tag="260" ind1=" " ind2=" ">
    <subfield code="a">Chap&#xED;ngo , M&#xE9;xico  :</subfield>
    <subfield code="b">El autor,</subfield>
    <subfield code="c"> DE </subfield>
  </datafield>
  <datafield tag="300" ind1=" " ind2=" ">
    <subfield code="a">viii, 104 h.</subfield>
  </datafield>
  <datafield tag="502" ind1=" " ind2=" ">
    <subfield code="a">Tesis (Ingeniero Agr&#xF3;nomo Especialista en Ingenier&#xED;a Agroindustrial) -- UACh. Departamento de Ingenier&#xED;a Agroindustrial, 2002 \ Direcci&#xF3;n: Joel Corrales Garc&#xED;a  \ Asesor&#xED;a: Cecilia Beatriz Pe&#xF1;a Valdivia y David Rubio Hern&#xE1;ndez</subfield>
  </datafield>
  <datafield tag="650" ind1=" " ind2=" ">
    <subfield code="a">Nopal</subfield>
    <subfield code="9">81647</subfield>
  </datafield>
  <datafield tag="700" ind1=" " ind2=" ">
    <subfield code="a">Corrales Garc&#xED;a, Joel, dir. </subfield>
    <subfield code="9">149687</subfield>
  </datafield>
  <datafield tag="700" ind1=" " ind2=" ">
    <subfield code="a">Pe&#xF1;a Valdivia, Cecilia Beatriz, asesor </subfield>
    <subfield code="9">163720</subfield>
  </datafield>
  <datafield tag="700" ind1=" " ind2=" ">
    <subfield code="a">Rubio Hern&#xE1;ndez, David, asesor</subfield>
    <subfield code="9">157592</subfield>
  </datafield>
  <datafield tag="700" ind1=" " ind2=" ">
    <subfield code="a">S&#xE1;nchez Hern&#xE1;ndez, Margarita, coaut. </subfield>
    <subfield code="9">157550</subfield>
  </datafield>
  <datafield tag="904" ind1=" " ind2=" ">
    <subfield code="a"> DE </subfield>
  </datafield>
  <datafield tag="942" ind1=" " ind2=" ">
    <subfield code="c">TESIS R39 2002</subfield>
  </datafield>
  <datafield tag="999" ind1=" " ind2=" ">
    <subfield code="c">184658</subfield>
    <subfield code="d">184658</subfield>
  </datafield>
</record>
